Avatar: The Last Airbender Characters - Statistics

General Stats
  • This quiz has been taken 119 times
  • The average score is 32 of 73
Answer Stats
Answer % Correct
Aang
100%
Katara
98%
Zuko
98%
Sokka
96%
Toph
95%
Iroh
94%
Appa
91%
Azula
90%
Momo
86%
Fire Lord Ozai
85%
Mai
84%
Roku
84%
Jet
83%
King Bumi
81%
Ty Lee
81%
Kyoshi
76%
Monk Gyatso
71%
Master Pakku
70%
Suki
69%
Fire Lord Sozin
64%
Master Yu
64%
Admiral Zhao
60%
Chief Hakoda
60%
Master Jeong Jeong
60%
Princess Yue
59%
Fire Lord Azulon
58%
Yangchen
56%
Kanna/ Gran Gran
53%
Longshot
53%
Koh the Face Stealer
51%
Smellerbee
51%
The Duke
51%
Kuruk
49%
Master Piandao
48%
Princess Ursa
48%
Pipsqueak
46%
Kya
43%
Bato
41%
The Boulder
40%
Haru
36%
Hama
35%
Long Feng
35%
Tui
34%
Wan Shi Tong
29%
Earth King Kuei Hou-Ting
25%
June and Nyla
24%
Painted Lady
23%
Prince Lu Ten
21%
Teo
21%
Cheif Arnook
20%
The Cabbage Merchant
15%
The Mechanist
15%
Xin Fu
15%
Combustion Man/ Sparky Sparky Boom Man
14%
Jin
14%
Joo Dee
13%
Hei Bei
11%
Shu
11%
Tyro
11%
Aunt Wu
10%
Oma
10%
Dai Li
8%
Ran
6%
Shaw
6%
Big Bad Hippo
5%
Blind Badgermoles
1%
Foggy Swamp Tribe
1%
Kiyi
1%
Sun Warriors
1%
General Shinu
0%
Fire Sages
0%
Lion Turtles
0%
Sandbenders
0%
No matching quizzes found
Score Distribution
Percent of People with Each Score
Percentile by Number Answered
Your Score History
You have not taken this quiz